00337nam a2200121Ia 4500008004100000082001800041100001600059245004300075260002700118300001000145630001900155650004100174211109s9999||||xx |||||||||||||| ||und|| a370.13bMAT-E aMathew, P M 0aEngane Padikkanam Pareeksha Ezhuthanam bThackeraTrissurc1976 a215p. xgeneral stack  a Social sciencesvEducationGeneralia